000 00788nam a22002417a 4500
999 _c17970
_d17970
003 AR-CdUCM
008 190510b ||||| |||| 00| 0 spa d
040 _aMUNICIPALIDAD PROVINCIAL DEL CUSCO
_cBIBLIOTECA MUNICIPAL DEL CUSCO
041 _heng
082 _a372 /
_bP36
100 _aPeel, E. A.
_938262
245 _aFundamentos psicológicos de la educación /
260 _aEspaña :
_bAguilar,
_c1970.
300 _a305 páginas ;
_c21 cm.
440 _aColección psicología y educación
_938263
505 _aContenido: Psicología de la educación.
650 _aPsicología de la educación
_97331
650 _aCiencias sociales
_91096
650 _aEducación
_9460
700 _aMaillo, Cesar (traducción)
_938264
942 _2ddc
_cLIBROS
945 _adavv
_d2019-05-10